Atracciones turísticas por provincia española - Estadísticas

Estadísticas generales
  • Esta prueba ha sido intentada 4.593 veces
  • La puntuación promedio es 16 de 25
Estadísticas de respuestas
Atracción turística Provincia % Correcto
B Sagrada Família Barcelona
100%
GR Alhambra Granada
95%
M Museo del Prado Madrid
95%
SE La Giralda Sevilla
87%
V Ciudad de las Artes y las Ciencias Valencia
86%
T PortAventura World Tarragona
85%
BA Teatro romano de Mérida Badajoz
82%
NA Encierro de San Fermín Navarra
82%
GI Playa de Lloret Girona
78%
Z Basílica del Pilar Zaragoza
77%
BI Museo Guggenheim Vizcaya
71%
AL Cabo de Gata Almería
68%
TF Teide Santa Cruz de Tenerife
64%
C Torre de Hércules A Coruña
58%
BU Yacimientos de Atapuerca Burgos
58%
SS Playa de La Concha Guipúzcoa
57%
MA Caminito del Rey Málaga
52%
GC Dunas de Maspalomas Las Palmas
50%
A Isla de Tabarca Alacant
45%
S Palacio de la Magdalena Cantabria
38%
TO Iglesia de Santo Tomé Toledo
37%
H Gruta de las Maravillas Huelva
35%
GU Palacio del Infantado Guadalajara
28%
LE Palacio Episcopal de Gaudí León
28%
ML Cuevas del Conventico Melilla
20%
No se encontraron pruebas coincidentes
Distribución de puntuación
Porcentaje de gente con cada puntuación
Porcentaje por número respondido
Historial de tus puntuaciones
No has intentado esta prueba.